Statistics for Famous Soccer Players by Nicknames

Click here to take the quiz!

General Stats

  • This quiz has been taken 1,734 times
  • The average score is 8 of 15

Answer Stats

HintAnswer% Correct
CR7Cristiano Ronaldo
99%
Stevie GSteven Gerrard
82%
La PulgaLionel Messi
77%
San IkerIker Casillas
70%
El NinoFernando Torres
62%
SchweiniBastian Schweinsteiger
58%
San GigiGianluigi Buffon
57%
WazzaWayne Rooney
49%
ScarfaceFranck Ribery
48%
Prinz PoldiLukas Podolski
42%
El TigreRadamel Falcao
31%
Joia/JuninhoNeymar Junior
26%
Puppet MasterXavi Hernandez
22%
El GuajeDavid Villa
17%
Il PinturricchioAlessandro Del Piero
14%

Score Distribution

Percentile by Number Answered

Percent of People with Each Score

Your Score History

You have not taken this quiz